000 00313 a2200145 4500
001 155567
040 _cEscola São Tomás de Aquino
240 1 0 _aBuriti Português
_lpor
245 1 0 _aBuriti Português
300 _a168
362 0 _a2010
440 1 _aModerna
697 _aLíngua portuguesa
942 _cBK
999 _c155567
_d155567